The Hand book of Project Management: (Record no. 2462)

MARC details
000 -LEADER
fixed length control field 00523nam a22001817a 4500
003 - CONTROL NUMBER IDENTIFIER
control field OSt
005 - DATE AND TIME OF LATEST TRANSACTION
control field 20200303142911.0
008 - FIXED-LENGTH DATA ELEMENTS--GENERAL INFORMATION
fixed length control field 151106b xxu||||| |||| 00| 0 eng d
020 ## - INTERNATIONAL STANDARD BOOK NUMBER
International Standard Book Number 0749428430
040 ## - CATALOGING SOURCE
Transcribing agency DDC
050 ## - LIBRARY OF CONGRESS CALL NUMBER
Classification number 658.4 YOU 1996
100 ## - MAIN ENTRY--PERSONAL NAME
Personal name Young, L. Trevor:
9 (RLIN) 6033
245 ## - TITLE STATEMENT
Title The Hand book of Project Management:
Remainder of title a practical guide to effective policies and procedures
260 ## - PUBLICATION, DISTRIBUTION, ETC. (IMPRINT)
Place of publication, distribution, etc. London;
Name of publisher, distributor, etc. Kogan page
Date of publication, distribution, etc. 1996
300 ## - PHYSICAL DESCRIPTION
Extent 224p;
Other physical details ill:
Dimensions 24cm
650 ## - SUBJECT ADDED ENTRY--TOPICAL TERM
Topical term or geographic name as entry element Project Management;
9 (RLIN) 5305
942 ## - ADDED ENTRY ELEMENTS (KOHA)
Source of classification or shelving scheme Dewey Decimal Classification
Koha item type Short Loan
Holdings
Withdrawn status Lost status Source of classification or shelving scheme Damaged status Not for loan Home library Current library Date acquired Source of acquisition Inventory number Total Checkouts Barcode Date last seen Koha item type
    Dewey Decimal Classification     MUST Main Library MUST Main Library 06/11/2015 Donation 01/15359   2015-2482 06/11/2015 Short Loan